000 00509nam a22002057a 4500
003 UA-OsUOA
001 52380
007 ta
008 20150604b un ||||| |||| 00| 0 ukr d
090 _a09-75
_bА56
942 _cBR
040 _aUA-OsUOA
_bukr
_cUA-OsUOA
_dUA-OsUOA
245 _aАльбом малюнків Тараса Шевченка
955 _a4
041 _aukr
080 _a09-75
260 _aВінніпег
_c1947
650 7 _a0 Загальний відділ.
_2UDC
999 _c432502
_d432502